| 000 | 00399nam a2200145Ia 4500 | ||
|---|---|---|---|
| 008 | 210210b1989 xxu||||| |||| 00| 0 eng d | ||
| 082 | _a658 MISM | ||
| 100 | _aMISHRA (N). | ||
| 245 | _aModern business organisation and management. | ||
| 260 |
_aNew Delhi. _bAllied Publishers _c1989 |
||
| 300 | _axiv,944 | ||
| 650 | _aBusiness Organisation, Management | ||
| 690 | _aManagemen | ||
| 906 | _a04458 | ||
| 999 |
_c94200 _d94200 |
||